Champions de la Serie A. (1898 - …) - Statistiques

Statistiques générales
  • Ce quiz a été pris 8 039 fois
    156 depuis la dernière actualisation
  • Le résultat moyen est 10 sur 16
Statistiques - réponses
Année Champion % Correct
1910 | 1920 | 1930 | 1938 | 1940 | 1953 | 1954 | 1963 | 1965 | 1966 | 1971 | 1980 | 1989 | 2006 | 2007 | 2008 | 2009 | 2010 | 2021 | 2024 | 2026 gpWqqaYc9yESzfkfspryoA_96x96.png Inter Milan
100%
1905 | 1926 | 1931 | 1932 | 1933 | 1934 | 1950 | 1952 | 1958 | 1960 | 1961 | 1967 | 1972 | 1973 | 1975 | 1977 | 1978 | 1981 | 1982 | 1984 | 1986 | 1995 | 1997 | 1998 | 2002 | 2003 | 2012 | 2013 | 2014 | 2015 | 2016 | 2017 | 2018 | 2019 | 2020 langfr-120px-Logo_Juventus_FC_2020.svg.png Juventus
100%
1901 | 1906 | 1907 | 1951 | 1955 | 1957 | 1959 | 1962 | 1968 | 1979 | 1988 | 1992 | 1993 | 1994 | 1996 | 1999 | 2004 | 2011 | 2022 VoKsJ6RitaHGhsM62e6AXQ_48x48.png AC Milan
99%
1987 | 1990 | 2023 | 2025 SSC_Neapel.svg SSC Naples
98%
1942 | 1983 | 2001 AS_Roma_Logo_2017.svg AS Rome
96%
1974 | 2000 langfr-250px-Logo_SS_Lazio.svg.png SS Lazio
90%
1956 | 1969 Logo_ACF_Fiorentina_2003.svg ACF Fiorentina
77%
1928 | 1943 | 1946 | 1947 | 1948 | 1949 | 1976 120px-Logo_Torino_FC_2024.svg.png Torino FC
67%
1898 | 1899 | 1900 | 1902 | 1903 | 1904 | 1915 | 1923 | 1924 Logo_Genoa_CFC_1998.svg Genoa CFC
63%
1991 Logo_Sampdoria.svg UC Sampdoria
56%
1985 Hellas_Verona_FC_logo_%282020%29.svg Hellas Vérone
52%
1925 | 1929 | 1936 | 1937 | 1939 | 1941 | 1964 langfr-250px-Logo_Bologna_FC_-_2018.svg.png Bologne FC
50%
1970 langfr-250px-Cagliari_Calcio_1920_logo.svg.png Cagliari Calcio
45%
1908 | 1909 | 1911 | 1912 | 1913 | 1921 | 1922 US_Pro_Vercelli.jpg Pro Vercelli
14%
1922 US_Pro_Vercelli.jpg Pro Vercelli | Logo_centenario_Novese.png USD Novese
14%
1914 AS_Casale_Calcio_%28logo%29.svg AS Casale
7%
Aucun quiz correspondant
Distribution des résultats
% des personnes avec chaque résultat
Percentile par nombre de réponses
Votre historique - résultats
Vous n’avez pas pris ce quiz depuis la dernière actualisation